| 000 | 01185nam a22002775a 4500 | ||
|---|---|---|---|
| 999 |
_c27527 _d27498 |
||
| 003 | EG-ScBUE | ||
| 005 | 20190611114833.0 | ||
| 008 | 190611s2017 ua gr 000 0 ara d | ||
| 040 |
_aEG-ScBUE _bara _cEG-ScBUE _dEG-ScBUE |
||
| 082 | 0 | 4 |
_a297.27 _bن ج ا _222 |
| 100 | 1 | _aنجار، عبد الله مبروك. | |
| 245 | 1 | 0 |
_aمفاهيم يجب أن تصحح / _cإعداد عبد الله مبروك النجار، محمد سالم أبو عاصي ؛ مراجعة وتقديم محمد مختار جمعة. |
| 250 | _aط. 6. | ||
| 260 |
_aالقاهرة : _bوزارة الأوقاف، المجلس الأعلى للشئون الإسلامية، _c2017. |
||
| 300 |
_a66 ص. ؛ _c24 سم. |
||
| 541 |
_aMr. Samy El-Masry : _cDonation ; |
||
| 650 | 7 |
_aالحرب (فقه إسلامي) _2BUEsh |
|
| 650 | 7 |
_aالإرهاب (فقه إسلامي) _2BUEsh |
|
| 650 | 7 |
_aالمواطنة (فقه إسلامي) _2BUEsh |
|
| 650 | 7 |
_aالجهاد (فقه إسلامي) _2BUEsh |
|
| 651 | _2BUEsh | ||
| 653 |
_bGGEN _cJune2019 |
||
| 700 | 1 |
_aأبو عاصي، محمد سالم. _917408 |
|
| 700 | 1 |
_aجمعة، محمد مختار، _eمراجع، _eمقدم. |
|
| 942 | _2ddc | ||